Normal view
MARC view
Entry Topical Term
001 - CONTROL NUMBER
- control field: 7372
003 - CONTROL NUMBER IDENTIFIER
- control field: ARRUPE
005 - DATE AND TIME OF LATEST TRANSACTION
- control field: 20140130141243.0
008 - FIXED-LENGTH DATA ELEMENTS
- fixed length control field: 140130|| aca||aabn | a|a d
040 ## - CATALOGING SOURCE
- Original cataloging agency: ARRUPE
- Transcribing agency: ARRUPE
150 ## - HEADING--TOPICAL TERM
- Topical term or geographic name as entry element: Spiritual life-Catholic church
- General subdivision: people
- General subdivision: spiritual healing
670 ## - SOURCE DATA FOUND
- Source citation: Work cat.: (ARRUPE): Dobson E. Theodore 7371, How to Pray for Spiritual Growth, 1982